| 000 | 00375 a2200157 4500 | ||
|---|---|---|---|
| 001 | 188383 | ||
| 020 | _a978-85-262-5139-2 | ||
| 040 | _cMagnum | ||
| 100 | _aBraga, Edson Rocha | ||
| 240 | 1 | 0 |
_aVinte mil léguas submarinas _lpor |
| 245 | 1 | 0 | _aVinte mil léguas submarinas |
| 300 | _a48 | ||
| 362 | 0 | _a2006 | |
| 697 | _aLÍNGUA - LINGÜÍSTICA - LITERATURA | ||
| 942 | _cBK | ||
| 999 |
_c188383 _d188383 |
||